000
00241nam a2200097Ia 4500
008
230915s9999 xx 000 0 und d
050
_a
HF5679.R66 2006
100
_a
MARSHALL B. ROMNEY
245
0
_a
ACCOUNTING INFORMATION SYSTEMS
942
_c
BK
999
_c
83468
_d
83468